000 00645nam a22001937a 4500
005 20251108164042.0
008 250721s1995 xx 000 0 ara d
082 1 4 _a347.4/فضل
100 1 _aالفضل، منذر
245 1 0 _aالنظرية العامة للإلتزامات :
_bدراسة مقارنة بين الفقه الإسلامي و القوانين المدنية الوضعية /
250 _aط3.
264 1 _aعمان :
_bمكتبة دار الثقافه،
_c1995.
300 _a
650 1 7 _aالقانون المدني
650 1 7 _aالعقود
650 1 7 _aالإلتزام
942 _2ddc
_cBK
999 _c2416
_d2416